000 00751nam a2200277Ia 4500
005 20260324140652.0
008 008 260324s9999 xx 000 0 eng d
020 _a9780203820025
037 _aEBOOK
040 _aCRL
040 _beng
040 _cCRL
041 _2eng
041 _aeng
084 _qCRL
100 _aAngela Carrasquillo; Philip Segan
_91205278
245 4 _aThe Teaching of Reading in Spanish to the Bilingual Student: La Enseñanza de la Lectura en Español Para El Estudiante Bilingüe
260 _bTaylor and Francis
260 _c1998
365 _a
365 _b290
856 _uhttp://www.taylorfrancis.com/books/9780203820025
942 _cEBOOK
999 _c1807588
_d1807588